00546 2200217 4500001002100000005001500021035002000036007000300056008004100059020002200100082000800122084001400130100002700144245004700171250001000218260003300228300002800261990001300289990001300302990001300315INLIS00000000000835120220308055301 a0010-0322000370ta220308 g 0 ind  a978-602-7696-80-8 a297 a297 FAQ q0 aFaqihuddin Abdul Kodir1 aQIRAAH MUBADALAH /cFaqihuddin Abdul Kodir acet.4 aYogyakarta :bIRCiSoD,c2021 a616 hlm ;c15.5 x 24 cm a022.7538 a022.7539 a022.7540